000
00317 a2200145 4500
001
155571
040
_c
Escola São Tomás de Aquino
240
1
0
_a
Buriti Português 4
_l
por
245
1
0
_a
Buriti Português 4
300
_a
232
362
0
_a
2013
440
1
_a
Moderna
697
_a
Língua portuguesa
942
_c
BK
999
_c
155571
_d
155571